000 00479nam a2200193Ia 4500
008 101110s9999 xx 000 0 und d
041 _aENGLISH
082 _bJR1783
100 _aKannavat, Desai, Lucas
245 _aOrganisation of Commerce Std.XI
365 _b18
520 _aCommerce
546 _aENGLISH
630 _aOrganisation of Commerce Std.XI
650 _aCommerce
655 _aCommerce
730 _aOrganisation of Commerce Std.XI
942 _cBOOK
999 _c793908
_d793905